000 00784nam a2200193Ia 4500
005 20260616165550.0
008 160316s2010 xxu||||| |||| 00| 0 eng d
020 _a9780199291861 (hbk.)
082 _a346.082 PRO
100 _aProtctor, Charles
245 _aThe law and practice of international banking /
_cCharles Proctor.
260 _aOxford :
_bOxford University Press,
_c2010.
300 _alxxxi, 844 p. ;
365 _bRS. 15,034.00
505 _aA. Regulatory Matters; B. Merger, Reorganization, and Insolvency of Banks; C. The Banker-Customer Relationship; D. The Bank as Service Provider; E. Guarantees and Security; F. Selected Cross-Border Issues; G. Islamic Finance.
650 _aBank -- international
650 _aLaw -- legislation.
942 _2ddc
_cBK
999 _c27061
_d27061